00783nam a22002295a 450000500170000000800410001702000180005804000280007608200210010410000300012524500450015525000110020026000370021130000340024850000240028265000330030665100100033965300370034994200080038699900170039495201420041120151222144739.0150803s2014 ii a fr 001 0 eng d a9788126549245 aEG-ScBUEbengcEG-ScBUE04222a658.477bPAN1 aPandey, Mrinalini.93895810aDisaster management /cMrinalini pandey. a1st ed aNew Delhi :bWiley India,c2014. axii, 227 p. :bill. ;c24 cm. aIndex : p. 223-227. 02BUEshaEmergency management. 2BUEsh bBUSADMcAugust2015cDecember2015 2ddc c20437d20409 00102ddc40708BaccahaMAINbMAINc1STd2015-08-03ePurchaseg191.00h21758l0o658.477 PANp000039018r2025-07-15 00:00:00v238.75yBB